Personnage South Park - Statistiques

Statistiques générales
  • Ce quiz a été pris 741 fois
  • Le résultat moyen est 14 sur 34
Statistiques - réponses
Nom % Correct
Cartman
99%
Kenny
97%
Kyle
96%
Stan
94%
Butters
81%
Randy
79%
Chef
69%
Wendy
68%
Token
64%
Timmy
57%
Craig
54%
Clyde
51%
Jimmy
50%
Bebe
49%
Ike
49%
Sharon
43%
Gerald
42%
Mr Garrison
35%
Sheila
34%
Shelley
32%
Tweak
26%
Jimbo
25%
Mr Mackey
21%
Mr Hankey
19%
Pip
16%
Principal Victoria
13%
Phillip
12%
Al super Gay
11%
Terance
11%
Mr Toc
10%
Officier Barbrady
9%
Marvin
7%
Professeur Chaos
3%
Towelie
2%
Aucun quiz correspondant
Distribution des résultats
% des personnes avec chaque résultat
Percentile par nombre de réponses
Votre historique - résultats
Vous n’avez pas pris ce quiz